Labi Siffre - Crying Laughing Loving Lying - Statistics

General Stats
  • This quiz has been taken 12 times
  • The average score is 84 of 91
Answer Stats
lyrics % Correct
cry
100%
cry
100%
Crying
100%
Crying
100%
did
100%
did
100%
did
100%
don't
100%
don't
100%
good,
100%
good
100%
good,
100%
good,
100%
I
100%
I
100%
I
100%
I
100%
I
100%
I
100%
I
100%
I'm
100%
I'm
100%
Laughing
100%
Laughing
100%
laughing
100%
laughing
100%
Loving
100%
Loving
100%
never
100%
never
100%
never
100%
no
100%
no
100%
no
100%
no
100%
no
100%
no
100%
no
100%
no
100%
now
100%
now
100%
now
100%
now
100%
now?
100%
now?
100%
now?
100%
So
100%
So
100%
So
100%
some
100%
somehow
100%
why
100%
why
100%
why
100%
why
100%
why
100%
why
100%
why
100%
why
100%
why
100%
am
83%
am
83%
am
83%
how
83%
how,
83%
how
83%
how,
83%
how,
83%
Lying
83%
Lying
83%
lying
83%
lying
83%
lying
83%
me
83%
somebody
83%
sometimes
83%
That's
83%
That's
83%
That's
83%
That's
83%
That's
83%
That's
83%
can't
67%
can't
67%
does
67%
love
67%
love
67%
you
67%
you
67%
nobody
50%
nobody
50%
No matching quizzes found
Score Distribution
Percent of People with Each Score
Percentile by Number Answered
Your Score History
You have not taken this quiz